000 00325nam a2200133Ia 4500
008 191201s2011 xx 000 0 und d
082 _a658.5
_bPRK
100 _aKACHRU, Upendra
245 0 _aProduction and Operation Management
260 _aN. Delhi
_bExcel Books
_c2011
300 _a811
650 _aMBA
942 _2ddc
_cBK
999 _c3480
_d3480